Fundamentos de administración financiera (Registro nro. 28894)

Detalles MARC
000 -CABECERA
Longitud fija campo de control 00907nam a22002657a 4500
003 - IDENTIFICADOR DELl NÚMERO DE CONTROL
Identificador del número de control OSt
005 - FECHA Y HORA DE LA ÚLTIMA TRANSACCIÓN
Fecha y hora de la última transacción 20180129133150.0
008 - CÓDIGOS DE INFORMACIÓN DE LONGITUD FIJA
Códigos de información de longitud fija 180129b xxu||||| |||| 00| 0 eng d
020 ## - NÚMERO INTERNACIONAL NORMALIZADO PARA LIBROS
Número Internacional Normalizado para Libros (ISBN) 978-970-686-431-4 (ISBN 13)
020 ## - NÚMERO INTERNACIONAL NORMALIZADO PARA LIBROS
Número Internacional Normalizado para Libros (ISBN) 970-686-431-8 (ISBN 10)
040 ## - FUENTE DE LA CATALOGACIÓN
Centro transcriptor CRI
082 ## - NÚMERO DE LA CLASIFICACIÓN DECIMAL DEWEY
Númeroo de clasificación 658.15
100 1# - PUNTO DE ACCESO PRINCIPAL-NOMBRE DE PERSONA
9 (RLIN) 8494
Nombre de persona Brigham, Eugene F.
245 ## - MENCIÓN DE TÍTULO
Título Fundamentos de administración financiera
Mención de responsabilidad, etc. Eugene F. Brigham, Joel F. Houston, Traducción José Carmen Pecina, Revisión técnica Fernanda Gomez Albert
250 ## - MENCIÓN DE EDICIÓN
Mención de edición 10ª Ed.
260 ## - PUBLICACIÓN, DISTRIBUCIÓN, ETC. (PIE DE IMPRENTA)
Lugar de publicación, distribución, etc. México, D.F.
Nombre del editor, distribuidor, etc. Genage Learning
Fecha de publicación, distribución, etc. 2005
300 ## - DESCRIPCIÓN FÍSICA
Extensión xxix, 899 p.
Dimensiones 26 cm.
500 ## - NOTA GENERAL
Nota general Incluye Apéndices.
500 ## - NOTA GENERAL
Nota general Incluye Índices.
650 #0 - PUNTO DE ACCESO ADICIONAL DE MATERIA - TÉRMINO DE MATERIA
9 (RLIN) 5713
Término de materia o nombre geográfico como elemento inicial Empresas
Subdivisión de materia general Finanzas
700 ## - PUNTO DE ACCESO ADICIONAL - NOMBRE DE PERSONA
9 (RLIN) 42160
Nombre de persona Houston, Joel F.‏
700 1# - PUNTO DE ACCESO ADICIONAL - NOMBRE DE PERSONA
9 (RLIN) 3287
Nombre de persona Pecina Hernández, José Carmen
700 1# - PUNTO DE ACCESO ADICIONAL - NOMBRE DE PERSONA
9 (RLIN) 8495
Nombre de persona Gómez Albert, María Fernanda
942 ## - ENTRADA DE ELEMENTOS AGREGADOS (KOHA)
Fuente de clasificaión o esquema Dewey Decimal Classification
Koha [por defecto] tipo de item 1- Monografias
Parte de clasificación prozim
Existencias
Suprimido Perdido Fuente de clasificación o esquema Estropeado Restricciones de uso No para préstamo Código de colección Localización permanente Localización actual Localización en estanter&íacute;as Fecha adquisición Fuente de adquisición Coste, precio normal de compra Número de inventario Préstamos totales Signatura completa Código de barras Fecha última consulta Fecha del precio de reemplazo Tipo de item de Koha Renovaciones totales Fecha último préstamo
NULL NULL Dewey Decimal Classification NULL Prestable NULL NULL Biblioteca Centro Regional de Ilobasco Biblioteca Centro Regional de Ilobasco Sala Principal 05/01/2018 CRI 33.30 LI003851   658.15 BRI fun 1043344 03/04/2025 29/01/2018 1- Monografias    
NULL NULL Dewey Decimal Classification NULL Prestable NULL NULL Biblioteca Centro Regional de Ilobasco Biblioteca Centro Regional de Ilobasco Sala Principal 05/01/2018 CRI 33.30 LI003852 6 658.15 BRI fun 1043345 06/06/2025 29/01/2018 1- Monografias 4 06/06/2025